000 00386cam a2200181ua 4500
001 2516
008 130123n ii |||gr||||Z||||||eng
020 _a81-7663-370-4
040 _aMAIN
041 _aEnglish
082 _bPAU
100 _aPaul R,R.
245 _aMonetary Economics
250 _a1999.
260 _aDelhi:
_bKalyani Publishers.
300 _a229-D.
942 _cBK
999 _c2512
_d2512